| 000 | 00992naa a22002297i 4500 | ||
|---|---|---|---|
| 001 | 232858 | ||
| 003 | ES-MaBCM | ||
| 005 | 20260408131026.0 | ||
| 008 | 260408s2025 sp ||||| |||| 00| 0 spa d | ||
| 040 | _cES-MaBCM | ||
| 100 | 1 |
_aCalvillo Cisneros, José Miguel _9124298 |
|
| 245 | 1 | 0 |
_aImpacto de los actores no estatales violentos en la seguridad internacional : _bla convergencia entre terrorismo y crimen organizado = Impact of violent non-state actors on international security : the convergence between terrorism and organized crime _cJosé Miguel Calvillo Cisneros |
| 500 | _aContiene tablas | ||
| 500 | _aContiene gráficos | ||
| 504 | _aIncluye referencias bibliográficas | ||
| 650 | 7 |
_aSeguridad internacional _960206 |
|
| 650 | 0 |
_aSeguridad nacional _9126674 |
|
| 650 | 7 |
_aTerrorismo _960444 |
|
| 650 | 0 |
_aCrimen organizado _9124860 |
|
| 773 | 0 |
_dMadrid _gVol. 77, n. 2 (2025), p. [19]-42 - Loc. S.371 _tRevista española de derecho internacional _w104609 |
|
| 942 |
_2udc _cAREV |
||
| 999 |
_c232858 _d232858 |
||